00967nam a2200229 a 4500008004100000020001500041050001700056100001500073245016100088260002700249300002200276350000900298500005500307650003200362650001500394650003400409700001700443700002000460995010700480999001700587952013300604081128s2006 ||||||||||||||||| || u a0080451578 aTJ 212.5 Int aPham, D. T10aIntelligent production machines and systems: 2nd I*PROMS virtual international conference 3-14 July 2006cedited by D. T. Pham; E. E. Eldukhri; A. J. Soroka aOxfordbElsevierc2006 axxii, 662p.: ill. a0.00 aAccompanie with a CD-ROM, available in the Crybray aCAD/CAM SYSTEMS--CONGRESSES aPRODUCTION aAUTOMATIC CONTROL--CONGRESSES aSoroka, A. J aEldukhari, E. E D0.00FCBU-MAIN LIBRARY (Kitwe)H1I0.00M1UDAMAGEDWMar 11, 2009ZMain Library Open Access Collection c47191d47191 00102lcc4070a001b001cMain Library Open Access Collectiond2022-11-30l0oTJ 212.5 Intp739223r2022-11-30w2022-11-30y002